[Event "Kasseler Schachtage Gruppe A"]
[Site "Vellmar"]
[Date "2009.08.01"]
[Round "5.5"]
[White "Kartsev, Alexandr"]
[Black "Lüchtemeier, Peter"]
[Result "1/2-1/2"]
[WhiteElo "2067"]
[BlackElo "2279"]
[PlyCount "65"]
[EventDate "2009.??.??"]
[EventCountry "GER"]
[WhiteTeam "Schachfreunde Brackel 1930 e.V."]
[BlackTeam "Kasseler SK 1876"]

1. d4 d5 2. c4 c6 3. Nf3 Nf6 4. e3 e6 5. Nc3 Nbd7 6. Qc2 Bd6 7. g4 h6 8. Rg1
Qe7 9. h4 dxc4 10. Bxc4 Nd5 11. Bd2 N7b6 12. Be2 Nxc3 13. Qxc3 Nd5 14. Qb3 Bb4
15. O-O-O Bxd2+ 16. Rxd2 Qb4 17. Qxb4 Nxb4 18. a3 Nd5 19. g5 hxg5 20. hxg5 b6
21. Rc2 Bb7 22. b4 Ne7 23. Ne5 f6 24. Nc4 Kd7 25. Bf3 Ba6 26. Kd2 Bxc4 27. Rxc4
Rac8 28. Rgc1 Rh2 29. Ke2 f5 30. Rh1 Rch8 31. Rxh2 Rxh2 32. a4 a6 33. a5
1/2-1/2

[Event "Kasseler Schachtage Gruppe A"]
[Site "Vellmar"]
[Date "2009.08.01"]
[Round "5.6"]
[White "Klüting, Reiner"]
[Black "Fichte, Wolfgang"]
[Result "1/2-1/2"]
[WhiteElo "2082"]
[BlackElo "2035"]
[PlyCount "21"]
[EventDate "2009.??.??"]
[EventCountry "GER"]
[WhiteTeam "Schachverein Wattenscheid 1930"]
[BlackTeam "SK 1950 Vellmar"]

1. e4 e6 2. d4 d5 3. Nc3 Bb4 4. Bd2 Bxc3 5. Bxc3 Nf6 6. e5 Nfd7 7. Qg4 O-O 8.
f4 f5 9. Qh3 Qe7 10. Nf3 c5 11. O-O-O 1/2-1/2

[Event "Kasseler Schachtage Gruppe A"]
[Site "Vellmar"]
[Date "2009.08.01"]
[Round "5.7"]
[White "Müller, Joachim"]
[Black "Werner, Alexander"]
[Result "1/2-1/2"]
[WhiteElo "2058"]
[BlackElo "2080"]
[PlyCount "80"]
[EventDate "2009.??.??"]
[EventCountry "GER"]
[WhiteTeam "Mündener SC von 1925"]
[BlackTeam "SC 1947 Immenhausen"]

1. d4 Nf6 2. c4 g6 3. Nc3 Bg7 4. e4 d6 5. f3 O-O 6. Be3 c5 7. d5 e6 8. Qd2 exd5
9. cxd5 Nfd7 10. Bd3 Ne5 11. Nge2 a6 12. Ng3 b5 13. O-O Nbd7 14. Rac1 b4 15.
Nd1 Nxd3 16. Qxd3 a5 17. Qd2 Ba6 18. Rf2 Ne5 19. Rc2 Nd3 20. Rf1 f5 21. exf5
gxf5 22. Ne2 f4 23. Bxf4 Nxf4 24. Nxf4 Bh6 25. Ne6 Bxd2 26. Nxd8 Raxd8 27. Rxd2
Bxf1 28. Kxf1 Rde8 29. b3 Rf5 30. Kf2 a4 31. Ne3 Rf6 32. Nc4 axb3 33. axb3 Ra8
34. g3 Ra6 35. f4 h5 36. Kf3 Ra1 37. h3 Kf8 38. Ne3 Rh1 39. Rd3 Kf7 40. f5 Rh6
1/2-1/2

[Event "Kasseler Schachtage Gruppe A"]
[Site "Vellmar"]
[Date "2009.08.01"]
[Round "5.8"]
[White "Kartsev, Soel"]
[Black "Röhle, Timo"]
[Result "1-0"]
[WhiteElo "2243"]
[BlackElo "1983"]
[PlyCount "65"]
[EventDate "2009.??.??"]
[EventCountry "GER"]
[WhiteTeam "Schachfreunde Brackel 1930 e.V."]
[BlackTeam "Schachclub Schalksmühle-Hülschei"]

1. e4 c5 2. c3 d5 3. exd5 Qxd5 4. d4 e6 5. Nf3 Nf6 6. Na3 a6 7. Bc4 Qd8 8. O-O
cxd4 9. Nc2 b5 10. Be2 Be7 11. Nfxd4 Bb7 12. Bf3 Qc7 13. a4 bxa4 14. Rxa4 O-O
15. g3 e5 16. Nf5 Rd8 17. Qe2 Bf8 18. Bxb7 Qxb7 19. Qxe5 Qb3 20. Nh6+ Kh8 21.
Nd4 Qb7 22. Bg5 Rd5 23. Qe3 Rxg5 24. Qxg5 Ne4 25. Qe5 Nc5 26. Rb4 Qa7 27. Rxb8
Qxb8 28. Nxf7+ Kg8 29. Qd5 g6 30. b4 Na4 31. Nd8+ Kh8 32. N4e6 Bh6 33. Nf7+ 1-0

[Event "Kasseler Schachtage Gruppe A"]
[Site "Vellmar"]
[Date "2009.08.01"]
[Round "5.9"]
[White "Konczak, Carsten"]
[Black "Powalla, Klaus"]
[Result "1-0"]
[WhiteElo "2045"]
[BlackElo "1885"]
[PlyCount "63"]
[EventDate "2009.??.??"]
[EventCountry "GER"]
[WhiteTeam "SV Bückeburg"]
[BlackTeam "SV CAISSA e. V. Kassel"]

1. f4 g6 2. Nf3 Bg7 3. e3 d6 4. g3 Nc6 5. Bb5 Bd7 6. c3 a6 7. Ba4 e6 8. O-O Nf6
9. d4 b5 10. Bc2 Ne7 11. Nbd2 Bc6 12. e4 Ng4 13. Qe2 O-O 14. f5 exf5 15. exf5
Bh6 16. Nb3 Nxf5 17. Bxf5 Re8 18. Qc2 Bxf3 19. Bxg4 Re2 20. Qd3 Rg2+ 21. Kh1
Bd5 22. Bf3 Bc4 23. Qe4 d5 24. Qe1 Bxc1 25. Qxc1 Bxf1 26. Bxg2 Bxg2+ 27. Kxg2
Qd7 28. Qd2 Re8 29. Re1 Rf8 30. Nc5 Qd6 31. Qe3 Qf6 32. Nd7 1-0

[Event "Kasseler Schachtage Gruppe A"]
[Site "Vellmar"]
[Date "2009.08.01"]
[Round "5.10"]
[White "Schnegelsberg, Karl-Heinz"]
[Black "Calci, Fiorino"]
[Result "1-0"]
[WhiteElo "2011"]
[BlackElo "1884"]
[PlyCount "49"]
[EventDate "2009.??.??"]
[EventCountry "GER"]
[WhiteTeam "SV CAISSA e. V. Kassel"]
[BlackTeam "SK 1950 Vellmar"]

1. Nf3 Nf6 2. g3 g6 3. Bg2 Bg7 4. O-O d5 5. d3 O-O 6. Nbd2 c5 7. e4 Nc6 8. Re1
e6 9. c3 Qc7 10. Qe2 b6 11. Nf1 Bb7 12. e5 Nd7 13. Bf4 Rac8 14. h4 h6 15. N1h2
Kh7 16. Ng4 Rh8 17. Qe3 h5 18. Nf6+ Bxf6 19. exf6 Qd8 20. Ng5+ Kg8 21. Nxf7
Qxf6 22. Nxh8 e5 23. Bxd5+ Kxh8 24. Bxe5 Ncxe5 25. Qh6# 1-0

[Event "Kasseler Schachtage Gruppe A"]
[Site "Vellmar"]
[Date "2009.08.01"]
[Round "5.11"]
[White "Sivaji, Siva"]
[Black "Heinelt, Manfred"]
[Result "0-1"]
[WhiteElo "1812"]
[BlackElo "2233"]
[PlyCount "42"]
[EventDate "2009.??.??"]
[EventCountry "GER"]
[WhiteTeam "SK Luzern"]
[BlackTeam "Ahnataler SC 1969 e.V. (ASC69)"]

1. d4 Nf6 2. c4 c5 3. d5 e6 4. Nc3 exd5 5. cxd5 d6 6. e4 g6 7. h3 Bg7 8. Nf3
O-O 9. Bd3 b5 10. Bxb5 Nxe4 11. Nxe4 Qa5+ 12. Qd2 Qxb5 13. Nxd6 Qa6 14. Nxc8
Re8+ 15. Kd1 Rxc8 16. Re1 Nd7 17. Qe2 Qb7 18. d6 c4 19. Kc2 Qa6 20. Qe7 Qa4+
21. Kd2 c3+ 0-1

[Event "Kasseler Schachtage Gruppe A"]
[Site "Vellmar"]
[Date "2009.08.01"]
[Round "5.12"]
[White "Adomeit, Dmitri"]
[Black "Ruff, Maximilian"]
[Result "0-1"]
[WhiteElo "1706"]
[BlackElo "1986"]
[PlyCount "76"]
[EventDate "2009.??.??"]
[EventCountry "GER"]
[WhiteTeam "Schachclub Schalksmühle-Hülschei"]
[BlackTeam "SC Brandeck-Turm Ohlsbach e.V."]

1. e4 e5 2. f4 Bc5 3. Nf3 d6 4. d4 exd4 5. Bd3 Nc6 6. a3 Nf6 7. Nbd2 Be6 8. h3
Qe7 9. Qe2 a6 10. b4 Ba7 11. O-O Nh5 12. Qf2 Nxf4 13. Nh2 Nxd3 14. cxd3 Ne5 15.
Qe2 O-O 16. Ndf3 Bb6 17. Kh1 f6 18. Bd2 c5 19. Nxe5 dxe5 20. Rac1 Rac8 21. bxc5
Bxc5 22. a4 Ba3 23. Rb1 Rc2 24. Nf3 Ba2 25. Rbe1 Bb3 26. a5 Rfc8 27. Nh4 Be6
28. Rd1 Bb4 29. Bxb4 Qxb4 30. Qh5 Qxa5 31. Nf3 Qc7 32. g4 Rf8 33. g5 g6 34. Qh6
f5 35. Nh4 Qg7 36. Nxf5 Bxf5 37. exf5 Qf7 38. f6 Qd5+ 0-1

[Event "Kasseler Schachtage Gruppe A"]
[Site "Vellmar"]
[Date "2009.08.01"]
[Round "5.13"]
[White "Schröder, Klaus"]
[Black "Austein, Hartmut"]
[Result "0-1"]
[WhiteElo "1966"]
[BlackElo "1895"]
[PlyCount "66"]
[EventDate "2009.??.??"]
[EventCountry "GER"]
[WhiteTeam "Karlsruher SF 1853"]
[BlackTeam "Ahnataler SC 1969 e.V. (ASC69)"]

1. d4 Nf6 2. Nf3 d5 3. e3 c6 4. Bd3 Bg4 5. Nbd2 Nbd7 6. b3 e5 7. dxe5 Nxe5 8.
Bb2 Nxd3+ 9. cxd3 Bb4 10. Qe2 Qe7 11. h3 Bh5 12. g4 Bg6 13. Ne5 O-O-O 14. f4 h5
15. Nxg6 fxg6 16. g5 Ne8 17. O-O-O Nd6 18. Nf3 Nf5 19. Ne5 Ng3 20. Qc2 Nxh1 21.
Rxh1 Rhe8 22. Kb1 Qe6 23. Rc1 Kb8 24. a3 Ba5 25. Bd4 Bb6 26. Bxb6 axb6 27. d4
Qxh3 28. Qxg6 Qxe3 29. Nxc6+ bxc6 30. Qxc6 Qxb3+ 31. Ka1 Qxa3+ 32. Kb1 Qb4+ 33.
Ka1 Rc8 0-1

[Event "Kasseler Schachtage Gruppe A"]
[Site "Vellmar"]
[Date "2009.08.01"]
[Round "5.14"]
[White "Schein, Henning"]
[Black "Stährfeldt, Philipp"]
[Result "1-0"]
[WhiteElo "1787"]
[BlackElo "1932"]
[PlyCount "63"]
[EventDate "2009.??.??"]
[EventCountry "GER"]
[WhiteTeam "SC 1947 Immenhausen"]
[BlackTeam "Kasseler SK 1876"]

1. d4 f5 2. g3 Nf6 3. Bg2 g6 4. c4 Bg7 5. Nc3 d6 6. Nf3 O-O 7. O-O Qe8 8. Re1
Qf7 9. b3 Ne4 10. Bb2 h6 11. Rc1 Na6 12. a3 Nxc3 13. Bxc3 c6 14. h4 Bd7 15. e4
f4 16. Qd2 fxg3 17. fxg3 Bg4 18. Nh2 Bd7 19. Rf1 Qe8 20. Rxf8+ Qxf8 21. Rf1 Qe8
22. Nf3 Rd8 23. d5 Bxc3 24. Qxc3 e5 25. Qe3 Kg7 26. Ng5 hxg5 27. Qxg5 Bc8 28.
h5 Rd7 29. Rf6 Rc7 30. Rxg6+ Qxg6 31. Qxg6+ Kh8 32. h6 1-0

[Event "Kasseler Schachtage Gruppe A"]
[Site "Vellmar"]
[Date "2009.08.01"]
[Round "5.15"]
[White "Jäger, Frank"]
[Black "Shkolnyk, Boris"]
[Result "1-0"]
[WhiteElo "1902"]
[BlackElo "1886"]
[PlyCount "63"]
[EventDate "2009.??.??"]
[EventCountry "GER"]
[WhiteTeam "SC Grauer Turm Fritzlar"]
[BlackTeam "Sfr. Korbach"]

1. d4 Nf6 2. Nf3 g6 3. c4 Bg7 4. Nc3 c5 5. d5 d6 6. e4 O-O 7. Be2 Na6 8. Rb1
Nc7 9. O-O Bd7 10. Bd2 a6 11. Qc1 b5 12. Bh6 b4 13. Bxg7 Kxg7 14. Nd1 Nxe4 15.
b3 h6 16. Qb2+ Kh7 17. Nd2 Nxd2 18. Qxd2 Ne8 19. Ne3 Nf6 20. Bd3 Kg7 21. Rbe1
a5 22. f4 a4 23. Qb2 Rg8 24. g4 Kf8 25. g5 hxg5 26. fxg5 Ng4 27. Nxg4 Bxg4 28.
Rf4 Qd7 29. Ref1 Bf5 30. Bxf5 gxf5 31. Rxf5 Rg7 32. Rxf7+ 1-0

[Event "Kasseler Schachtage Gruppe A"]
[Site "Vellmar"]
[Date "2009.08.01"]
[Round "5.16"]
[White "Hagedorn, Florian"]
[Black "Wiese, Uwe"]
[Result "0-1"]
[WhiteElo "1703"]
[BlackElo "1837"]
[PlyCount "52"]
[EventDate "2009.??.??"]
[EventCountry "GER"]
[WhiteTeam "LSV Turm Lippstadt"]
[BlackTeam "SK Goslar"]

1. e4 e5 2. Nf3 Nc6 3. Bc4 Bc5 4. c3 Nf6 5. d4 exd4 6. e5 d5 7. Bb5 Ne4 8. cxd4
Bb4+ 9. Bd2 Bxd2+ 10. Nbxd2 O-O 11. Bxc6 bxc6 12. Qc2 Nxd2 13. Nxd2 Qg5 14. Rg1
Bd7 15. O-O-O Rfb8 16. g3 Rb4 17. f4 Qh5 18. Qc3 Rab8 19. b3 Qxh2 20. Rh1 Qf2
21. a3 Qxd4 22. Qc2 Qa1+ 23. Nb1 Re4 24. Rxh7 Bf5 25. Rxg7+ Kxg7 26. Qxc6 Qxb1+
0-1

[Event "Kasseler Schachtage Gruppe A"]
[Site "Vellmar"]
[Date "2009.08.01"]
[Round "5.17"]
[White "Süß, Stefan"]
[Black "Fankhaenel, Torsten"]
[Result "0-1"]
[WhiteElo "1674"]
[BlackElo "1953"]
[PlyCount "104"]
[EventDate "2009.??.??"]
[EventCountry "GER"]
[WhiteTeam "Mosbacher SC von 1931"]
[BlackTeam "SV Anderssen Arolsen"]

1. d4 Nf6 2. Bf4 e6 3. e3 b6 4. Nd2 Bb7 5. Ngf3 Be7 6. Bd3 O-O 7. c3 d6 8. h3
Nbd7 9. O-O c5 10. Re1 cxd4 11. exd4 Nd5 12. Bh2 N7f6 13. Qc2 Qc8 14. Rac1 Ba6
15. Ng5 Bxd3 16. Qxd3 Qd7 17. Nge4 Nxe4 18. Nxe4 Nf6 19. f4 Nxe4 20. Qxe4 d5
21. Qe2 Bd6 22. g4 Rac8 23. Qf1 g6 24. Kg2 Rc6 25. Bg3 Rfc8 26. Qf3 b5 27. f5
Bxg3 28. Kxg3 b4 29. fxe6 fxe6 30. Re5 Rf8 31. Qe3 Qf7 32. h4 a5 33. c4 dxc4
34. Rc5 Rxc5 35. dxc5 e5 36. Rc2 Qd5 37. Rd2 Qh1 38. Rh2 Qc6 39. Rd2 e4 40. Rf2
Rf3+ 41. Rxf3 exf3 42. Qxf3 Qxf3+ 43. Kxf3 Kf7 44. Ke4 a4 45. Kd4 c3 46. bxc3
b3 47. axb3 a3 48. c6 Ke7 49. Kc5 a2 50. Kb6 a1=Q 51. Kb7 Qxc3 52. c7 Kd7 0-1

[Event "Kasseler Schachtage Gruppe A"]
[Site "Vellmar"]
[Date "2009.08.01"]
[Round "5.18"]
[White "Braun, Ingram"]
[Black "Jaeschke, Felix"]
[Result "1/2-1/2"]
[WhiteElo "1972"]
[BlackElo "1809"]
[PlyCount "118"]
[EventDate "2009.??.??"]
[EventCountry "GER"]
[WhiteTeam "ESV Rot-Weiß Göttingen"]
[BlackTeam "SK 1947 Sandhausen e.V."]

1. e4 Nf6 2. e5 Nd5 3. d4 d6 4. c4 Nb6 5. exd6 cxd6 6. Nc3 g6 7. Be3 Bg7 8. Rc1
Nc6 9. b3 O-O 10. Nf3 Nd7 11. Be2 e5 12. O-O b6 13. dxe5 dxe5 14. Qd6 Bb7 15.
Rfd1 Nf6 16. Qa3 Qb8 17. Nd5 Ng4 18. g3 Nxe3 19. fxe3 e4 20. Nd4 Nxd4 21. exd4
Bxd5 22. cxd5 Rd8 23. Bb5 Qd6 24. Qxd6 Rxd6 25. Bc6 Rf8 26. Bb7 Rd7 27. Bc8
Rxd5 28. Rc7 Rxd4 29. Rxd4 Bxd4+ 30. Kf1 a5 31. Ba6 Bc5 32. Bc4 h5 33. h3 Kg7
34. g4 hxg4 35. hxg4 g5 36. a4 Kg6 37. Rd7 f5 38. gxf5+ Kxf5 39. Rf7+ Rxf7 40.
Bxf7 Kf4 41. Bc4 Kg3 42. Be6 g4 43. Ke2 Kf4 44. Bd7 g3 45. Bh3 Ke5 46. Bg2 Kd4
47. Bh1 e3 48. Bc6 Kc3 49. Bd5 Bd4 50. Ke1 Bc5 51. Ke2 Kd4 52. Bb7 Kc3 53. Bd5
Kc2 54. Kf1 g2+ 55. Bxg2 Kxb3 56. Bc6 Bb4 57. Ke2 Bc5 58. Bb5 Kc3 59. Bc6 Bd4
1/2-1/2

[Event "Kasseler Schachtage Gruppe A"]
[Site "Vellmar"]
[Date "2009.08.02"]
[Round "6.1"]
[White "Cherny, Andrey"]
[Black "Markgraf, Alexander"]
[Result "0-1"]
[WhiteElo "2204"]
[BlackElo "2463"]
[PlyCount "96"]
[EventDate "2009.??.??"]
[EventCountry "GER"]
[WhiteTeam "SK Baunatal 1963"]
[BlackTeam "SC Tempo Göttingen"]

1. Nf3 c5 2. e3 Nc6 3. d4 cxd4 4. exd4 d5 5. Bd3 Bg4 6. c3 e6 7. h3 Bh5 8. Bf4
Qb6 9. b3 Nf6 10. Nbd2 Be7 11. O-O O-O 12. a4 Rac8 13. Re1 Rfd8 14. Re3 a5 15.
Qb1 Bg6 16. Bxg6 hxg6 17. Qd3 Nb8 18. Rae1 Qa6 19. Qb1 Nbd7 20. Bg5 Re8 21. Ne5
Nxe5 22. dxe5 Nd7 23. Bxe7 Rxe7 24. Nf3 b5 25. Qd3 Nc5 26. Qxb5 Qxb5 27. axb5
Nxb3 28. Nd4 Nxd4 29. cxd4 Rb7 30. Rb1 Rc4 31. Ra3 Rb4 32. Rxb4 axb4 33. Ra8+
Kh7 34. Ra1 Rxb5 35. Kf1 b3 36. Ke2 Rb4 37. Kd3 Rc4 38. Rb1 Rc2 39. Ke3 b2 40.
h4 g5 41. hxg5 Kg6 42. g3 Kxg5 43. f3 Rc3+ 44. Ke2 Rb3 45. Kf2 Kf5 46. Kg2 g5
47. Kf2 g4 48. fxg4+ Ke4 0-1

[Event "Kasseler Schachtage Gruppe A"]
[Site "Vellmar"]
[Date "2009.08.02"]
[Round "6.2"]
[White "Just, Wolfgang"]
[Black "Jaeschke, Benno"]
[Result "1/2-1/2"]
[WhiteElo "2173"]
[BlackElo "2202"]
[PlyCount "37"]
[EventDate "2009.??.??"]
[EventCountry "GER"]
[WhiteTeam "SV Lok Leipzig-Mitte"]
[BlackTeam "SK 1947 Sandhausen e.V."]

1. f4 d5 2. e3 g6 3. Nf3 Bg7 4. d4 Nf6 5. Be2 Ne4 6. Nc3 Nxc3 7. bxc3 c5 8. O-O
c4 9. Ne5 f6 10. Ng4 Bxg4 11. Bxg4 f5 12. Bf3 Qa5 13. Bd2 Nc6 14. Qe2 e6 15.
Rfb1 Rb8 16. a4 a6 17. g4 Bf6 18. Qg2 Kd7 19. Kf2 1/2-1/2

[Event "Kasseler Schachtage Gruppe A"]
[Site "Vellmar"]
[Date "2009.08.02"]
[Round "6.3"]
[White "Lüchtemeier, Peter"]
[Black "Konczak, Carsten"]
[Result "1-0"]
[WhiteElo "2279"]
[BlackElo "2045"]
[PlyCount "79"]
[EventDate "2009.??.??"]
[EventCountry "GER"]
[WhiteTeam "Kasseler SK 1876"]
[BlackTeam "SV Bückeburg"]

1. d4 d5 2. c4 e6 3. Nc3 Nf6 4. cxd5 exd5 5. Bg5 c6 6. e3 Bd6 7. Bd3 h6 8. Bh4
g5 9. Bg3 Bxg3 10. hxg3 Qe7 11. Nf3 Ne4 12. Bxe4 dxe4 13. Nd2 f5 14. Nc4 Be6
15. Ne5 Bf7 16. Nxf7 Qxf7 17. d5 cxd5 18. Qd4 Rh7 19. Qe5+ Kf8 20. Nxd5 Nd7 21.
Qd6+ Kg7 22. Rd1 Nf6 23. O-O Re8 24. Nxf6 Qxf6 25. Qc5 Kg6 26. Rd6 Re6 27. Rxe6
Qxe6 28. Qxa7 Rd7 29. Rc1 Qd5 30. Qb6+ Rd6 31. Qc7 Qd2 32. Qc8 Rd8 33. Qe6+ Kh5
34. Qxf5 Qxc1+ 35. Kh2 Qd1 36. g4+ Qxg4 37. Qf7+ Kh4 38. g3+ Qxg3+ 39. fxg3+
Kg4 40. Qe6+ 1-0

[Event "Kasseler Schachtage Gruppe A"]
[Site "Vellmar"]
[Date "2009.08.02"]
[Round "6.4"]
[White "Fichte, Wolfgang"]
[Black "Kartsev, Soel"]
[Result "0-1"]
[WhiteElo "2035"]
[BlackElo "2243"]
[PlyCount "46"]
[EventDate "2009.??.??"]
[EventCountry "GER"]
[WhiteTeam "SK 1950 Vellmar"]
[BlackTeam "Schachfreunde Brackel 1930 e.V."]

1. e4 e5 2. Nf3 Nc6 3. Bc4 Nf6 4. d3 Bc5 5. O-O d6 6. Bg5 h6 7. Be3 Bxe3 8.
fxe3 Bg4 9. Qe1 Qe7 10. b4 a6 11. Bd5 O-O 12. Bxc6 bxc6 13. Qc3 Rab8 14. Nbd2
Bd7 15. Rae1 Rb5 16. d4 exd4 17. exd4 Rh5 18. a3 Re8 19. e5 Nd5 20. Qb3 Nf4 21.
exd6 Ne2+ 22. Kf2 cxd6 23. Qc4 Qe3# 0-1

[Event "Kasseler Schachtage Gruppe A"]
[Site "Vellmar"]
[Date "2009.08.02"]
[Round "6.5"]
[White "Faynberg, Roman"]
[Black "Klüting, Reiner"]
[Result "0-1"]
[WhiteElo "2026"]
[BlackElo "2082"]
[PlyCount "112"]
[EventDate "2009.??.??"]
[EventCountry "GER"]
[WhiteTeam "SC Fuldatal"]
[BlackTeam "Schachverein Wattenscheid 1930"]

1. e4 d5 2. exd5 Nf6 3. d4 Nxd5 4. c4 Nb6 5. Nc3 e5 6. Be3 exd4 7. Qxd4 Qxd4 8.
Bxd4 c5 9. Be3 Be6 10. b3 Be7 11. Ne4 Na6 12. Rc1 h6 13. Bd3 O-O-O 14. Bb1 Rhf8
15. f4 f5 16. Nf2 g5 17. Nf3 Rg8 18. g3 Nd7 19. Nd3 Bf6 20. Kf2 b6 21. Rhe1
Rde8 22. a3 Kb7 23. Re2 Bf7 24. Rd2 Be6 25. Re2 Bf7 26. Rd1 Bh5 27. Ree1 Kc7
28. Rc1 Bxf3 29. Kxf3 Rgf8 30. Bd2 g4+ 31. Kg2 Bd4 32. Bc3 Bxc3 33. Rxc3 Rxe1
34. Nxe1 Kd6 35. Re3 Rf6 36. Kf2 Nc7 37. Ng2 Ne6 38. Nh4 Nd4 39. Rd3 Ke6 40.
Ng2 Rf8 41. Ne3 Nf6 42. Rxd4 cxd4 43. Bxf5+ Kd6 44. Nxg4 Nxg4+ 45. Bxg4 Re8 46.
Bd1 Re3 47. g4 Rd3 48. Bf3 Rxb3 49. h4 Rxa3 50. h5 Ra2+ 51. Kg3 d3 52. g5 d2
53. Kg4 hxg5 54. h6 gxf4 55. h7 d1=Q 56. h8=Q Qg1+ {Nach weiteren Zügen.} 0-1

[Event "Kasseler Schachtage Gruppe A"]
[Site "Vellmar"]
[Date "2009.08.02"]
[Round "6.6"]
[White "Werner, Alexander"]
[Black "Löwe, Lennard"]
[Result "1/2-1/2"]
[WhiteElo "2080"]
[BlackElo "2018"]
[PlyCount "60"]
[EventDate "2009.??.??"]
[EventCountry "GER"]
[WhiteTeam "SC 1947 Immenhausen"]
[BlackTeam "HSK-Post Hannover"]

1. e4 c6 2. d4 d5 3. exd5 cxd5 4. Bd3 Nc6 5. Ne2 Bg4 6. c3 Qc7 7. h3 Bh5 8. Qa4
Bxe2 9. Bxe2 e6 10. Na3 Be7 11. Nc2 Nf6 12. Bd3 O-O 13. Bg5 a6 14. Ne3 Ne4 15.
Bxe7 Nxe7 16. O-O b5 17. Qc2 f5 18. a4 Rab8 19. axb5 axb5 20. Ra6 Rf6 21. Rfa1
Nc6 22. Nd1 Ng5 23. Qe2 b4 24. Bb5 Nd8 25. Ra7 Qf4 26. Ne3 bxc3 27. bxc3 Ne4
28. c4 Nc3 29. Qd3 Nxb5 30. cxb5 Rf7 1/2-1/2

[Event "Kasseler Schachtage Gruppe A"]
[Site "Vellmar"]
[Date "2009.08.02"]
[Round "6.7"]
[White "Kartsev, Alexandr"]
[Black "Schnegelsberg, Karl-Heinz"]
[Result "0-1"]
[WhiteElo "2067"]
[BlackElo "2011"]
[PlyCount "113"]
[EventDate "2009.??.??"]
[EventCountry "GER"]
[WhiteTeam "Schachfreunde Brackel 1930 e.V."]
[BlackTeam "SV CAISSA e. V. Kassel"]

1. e4 e6 2. d4 d5 3. e5 c5 4. c3 Nc6 5. Nf3 Qb6 6. a3 Nh6 7. b4 cxd4 8. cxd4
Nf5 9. Bb2 Bd7 10. g4 Nh6 11. Rg1 Be7 12. h4 f6 13. g5 Nf5 14. Bd3 O-O-O 15.
Bxf5 exf5 16. Nc3 Be8 17. exf6 gxf6 18. Qc2 Kb8 19. Qxf5 Bg6 20. Qf4+ Bd6 21.
Qd2 Rhe8+ 22. Kf1 Bh5 23. Qd3 Bxf3 24. Qxf3 Nxd4 25. Qd3 Be5 26. Na4 Qb5 27.
Qxb5 Nxb5 28. gxf6 d4 29. Rg7 Bxf6 30. Rxh7 b6 31. Rh6 Rf8 32. Rd1 Rd5 33. Ke2
Rf5 34. Rf1 Rf4 35. h5 Re8+ 36. Kd1 Rf3 37. Rg6 Nd6 38. Rg3 Rf5 39. Rh3 Nc4 40.
Bc1 Ne3+ 41. Bxe3 dxe3 42. Re1 Rd5+ 43. Kc1 Rc8+ 44. Kb1 exf2 45. Rf1 Rd2 46.
h6 Re2 47. Rhh1 Rcc2 48. h7 Rc8 49. Rd1 Rh8 50. Rc1 Rc8 51. Rcf1 Kb7 52. b5 Bg7
53. Rd1 Be5 54. Rd7+ Rc7 55. Rdd1 Bh8 56. Rh4 Re1 57. Rh1 {Nach weiteren Zügen.
} 0-1

[Event "Kasseler Schachtage Gruppe A"]
[Site "Vellmar"]
[Date "2009.08.02"]
[Round "6.8"]
[White "Hagedorn, Alfons"]
[Black "Müller, Joachim"]
[Result "0-1"]
[WhiteElo "1953"]
[BlackElo "2058"]
[PlyCount "106"]
[EventDate "2009.??.??"]
[EventCountry "GER"]
[WhiteTeam "LSV Turm Lippstadt"]
[BlackTeam "Mündener SC von 1925"]

1. e4 c5 2. Nf3 Nc6 3. Bb5 e6 4. Bxc6 bxc6 5. O-O Nf6 6. Re1 d5 7. e5 Nd7 8. c3
Be7 9. d4 O-O 10. Bf4 Qb6 11. Qc2 cxd4 12. cxd4 h6 13. Nc3 Bb7 14. Rac1 Rac8
15. Na4 Qb5 16. Re3 c5 17. Rb3 Qc6 18. dxc5 Qxa4 19. Rxb7 Qxf4 20. c6 Nxe5 21.
Nxe5 Bd6 22. Nf3 e5 23. Ne1 Rc7 24. Nd3 Qh4 25. g3 Qe7 26. Rxc7 Qxc7 27. Qa4
Qb6 28. b4 Rc8 29. b5 e4 30. Nb4 Qd4 31. a3 Bc5 32. Rc2 e3 33. fxe3 Qxe3+ 34.
Kg2 Qg1+ 35. Kh3 Qf1+ 36. Rg2 Qf5+ 37. g4 Qf3+ 38. Rg3 Qf1+ 39. Rg2 Re8 40.
Nxd5 Qd3+ 41. Rg3 Qxd5 42. Qc2 Bb6 43. c7 Qd7 44. Rc3 Rc8 45. Qe4 Rxc7 46. Rd3
Qc8 47. Kg2 Rc2+ 48. Kh3 h5 49. Rg3 h4 50. Rf3 Bg1 51. Kxh4 Rxh2+ 52. Kg3 Qb8+
53. Rf4 g5 0-1

[Event "Kasseler Schachtage Gruppe A"]
[Site "Vellmar"]
[Date "2009.08.02"]
[Round "6.9"]
[White "Heinelt, Manfred"]
[Black "Schein, Henning"]
[Result "1/2-1/2"]
[WhiteElo "2233"]
[BlackElo "1787"]
[PlyCount "60"]
[EventDate "2009.??.??"]
[EventCountry "GER"]
[WhiteTeam "Ahnataler SC 1969 e.V. (ASC69)"]
[BlackTeam "SC 1947 Immenhausen"]

1. d4 Nf6 2. c4 g6 3. Nc3 Bg7 4. e4 d6 5. Be2 O-O 6. Bg5 Na6 7. Qd2 e5 8. d5
Qe8 9. f3 Nh5 10. Bd1 f5 11. Ba4 Qf7 12. exf5 gxf5 13. O-O-O Nc5 14. Bc2 a5 15.
Nge2 Bd7 16. Bh6 Kh8 17. Bxg7+ Qxg7 18. g4 fxg4 19. fxg4 Nf4 20. Rdg1 Qg5 21.
Kb1 Qh4 22. g5 Bf5 23. Nxf4 Qxf4 24. Qxf4 Bxc2+ 25. Kxc2 Rxf4 26. h4 Kg7 27.
Rh2 Raf8 28. Rgg2 Rxc4 29. b3 Rcf4 30. Nb5 Na6 1/2-1/2

[Event "Kasseler Schachtage Gruppe A"]
[Site "Vellmar"]
[Date "2009.08.02"]
[Round "6.10"]
[White "Ruff, Maximilian"]
[Black "Wiese, Uwe"]
[Result "1-0"]
[WhiteElo "1986"]
[BlackElo "1837"]
[PlyCount "93"]
[EventDate "2009.??.??"]
[EventCountry "GER"]
[WhiteTeam "SC Brandeck-Turm Ohlsbach e.V."]
[BlackTeam "SK Goslar"]

1. e4 e5 2. Nf3 Nc6 3. Bc4 Bc5 4. d3 Nf6 5. Nc3 d6 6. Bg5 Bg4 7. h3 Bxf3 8.
Qxf3 Nd4 9. Qd1 c6 10. O-O O-O 11. Ne2 b5 12. Bb3 Nxb3 13. axb3 h6 14. Be3 Bxe3
15. fxe3 d5 16. exd5 Nxd5 17. Rf3 f5 18. e4 Qb6+ 19. Kh1 fxe4 20. Rxf8+ Rxf8
21. dxe4 Ne3 22. Qd3 Rf2 23. Rg1 a5 24. Nc3 Rxc2 25. Nd1 Nxd1 26. Qxc2 Nf2+ 27.
Kh2 Qe3 28. Qxc6 Nxe4 29. Qe6+ Kh8 30. Qxe5 Qd3 31. Rc1 Nd2 32. Rc7 Nf1+ 33.
Kg1 Qe3+ 34. Qxe3 Nxe3 35. Rc5 Nd1 36. Rxb5 Nxb2 37. Rxa5 Nd3 38. Rd5 Nb4 39.
Rb5 Nc6 40. Rc5 Nb4 41. Rc4 Nd5 42. Kf2 Kg8 43. Kf3 Kf7 44. Ke4 Nb6 45. Rc6 Nd7
46. Rc7 Ke6 47. Rxd7 1-0

[Event "Kasseler Schachtage Gruppe A"]
[Site "Vellmar"]
[Date "2009.08.02"]
[Round "6.11"]
[White "Austein, Hartmut"]
[Black "Jäger, Frank"]
[Result "1-0"]
[WhiteElo "1895"]
[BlackElo "1902"]
[PlyCount "61"]
[EventDate "2009.??.??"]
[EventCountry "GER"]
[WhiteTeam "Ahnataler SC 1969 e.V. (ASC69)"]
[BlackTeam "SC Grauer Turm Fritzlar"]

1. d4 Nf6 2. Nc3 d5 3. Bg5 Nbd7 4. f3 e6 5. e4 dxe4 6. fxe4 Be7 7. Nf3 O-O 8.
Bd3 h6 9. Bd2 b6 10. Qe2 Bb7 11. e5 Nh7 12. O-O-O Ng5 13. h4 Nxf3 14. gxf3 Kh8
15. Bxh6 Rg8 16. Bg5 g6 17. Ne4 Kg7 18. f4 Bxg5 19. fxg5 Bxe4 20. Bxe4 Rb8 21.
Rhf1 Qe7 22. Kb1 Rh8 23. Rf4 c5 24. Bc6 Rbd8 25. Rdf1 Rhf8 26. Rf6 Nb8 27. Be4
cxd4 28. h5 d3 29. cxd3 Qc7 30. hxg6 Rc8 31. Rxf7+ 1-0